|
|
|
|
| LEADER |
01105nab#a2200397#ar4500 |
| 001 |
000090477 |
| 003 |
SVKKK |
| 005 |
20080718135936.0 |
| 008 |
080509c2007 xo |||||||||||||||b|eng |
| FMT |
|
|
|
| 015 |
|
|
|a SNBRB2008/07
|
| 038 |
|
|
|a SVKKK
|
| 040 |
|
|
|a SVKKK
|b slo
|e AACR2
|
| 041 |
0 |
|
|a eng
|b eng
|
| 044 |
|
|
|a xo
|c SK
|
| 080 |
|
|
|a 669.15-138
|2 1997
|
| 080 |
|
|
|a 621.762
|2 1997
|
| 242 |
1 |
0 |
|a Tvorba boridvých vrstiev na PM oceliach počas spekavého boridovania
|
| 245 |
1 |
0 |
|a Formation of boride layers on PM steels during sinter boriding
|c M. Selecká ... [et al.]
|
| 300 |
|
|
|b Obr., tab.
|
| 504 |
|
|
|a Bibliogr. odkazy
|
| 546 |
|
|
|a Res. angl.
|
| 650 |
0 |
4 |
|a spekané ocele
|x mikroštruktúra
|
| 650 |
0 |
4 |
|a boridovanie
|x aktivátory
|
| 700 |
1 |
|
|a Selecká, Marcela
|4 aut
|
| 700 |
1 |
|
|a Šalak, Andrej
|4 aut
|
| 700 |
1 |
|
|a Bureš, Radovan
|4 aut
|
| 700 |
1 |
|
|a Parilák, Ľudovít
|4 aut
|
| 773 |
0 |
|
|t Powder metallurgy progress
|g Roč. 7, č. 3 (2007), s. 164-172
|x 1335-8987
|
| 958 |
|
|
|a NB
|
| 974 |
|
|
|a Ni
|
| 992 |
|
|
|a RBX
|
| BAS |
|
|
|
| 852 |
|
|
|a SVKKK
|b BIB
|
| EXP |
|
|
|
| 998 |
|
|
|a HUT
|